00000000nam##2200000za#4500
0019.637082
003CaOODSP
00520210624221033
007cr |||||||||||
008150407|2010||||xxc|||||o    f|0| 0 fre|d
020 |a978-1-100-93116-6
040 |aCaOODSP|bfre
043 |an-cn---
0861 |aPH4-59/2009F-PDF
1101 |aCanada.|bProjet de recherche sur les politiques.
24510|aRéalités contemporaines et enjeux émergents auxquels font face les jeunes au Canada : |h[ressource électronique]|bcadre analytique pour la recherche, l'élaboration et l'évaluation des politiques publiques / |c[par] Sandra Franke.
260 |aOttawa - Ontario : |bProjet de recherche sur les politiques |c[2010].
300 |a65p.|bfigures, graphiques, références
590 |a10-05|b2010-02-05
69107|aJeunesse|2gcpds
7201 |aFranke, Sandra
77508|tCurrent realities and emerging issues facing youth in Canada : |w(CaOODSP)9.692874
85640|ahttp://publications.gc.ca|qPDF|s472 Ko|uhttps://publications.gc.ca/collections/collection_2010/policyresearch/PH4-59-2009-fra.pdf